<?xml version="1.0" encoding="UTF-8"?>
<record
    xmlns:xsi="http://www.w3.org/2001/XMLSchema-instance"
    xsi:schemaLocation="http://www.loc.gov/MARC21/slim http://www.loc.gov/standards/marcxml/schema/MARC21slim.xsd"
    xmlns="http://www.loc.gov/MARC21/slim">

  <leader>00878nam a22002297a 4500</leader>
  <controlfield tag="001">2474</controlfield>
  <controlfield tag="003">HMS</controlfield>
  <controlfield tag="005">20250609123741.0</controlfield>
  <controlfield tag="008">250609e2024    cl adk|frntu| 001 0 spa  </controlfield>
  <datafield tag="020" ind1=" " ind2=" ">
    <subfield code="a">9789561913035</subfield>
  </datafield>
  <datafield tag="040" ind1=" " ind2=" ">
    <subfield code="a">hms</subfield>
    <subfield code="b">spa</subfield>
    <subfield code="c">hms</subfield>
  </datafield>
  <datafield tag="100" ind1="1" ind2=" ">
    <subfield code="a">V&#xE1;squez De Kartzow, Rodrigo</subfield>
    <subfield code="e">autor</subfield>
    <subfield code="9">3457</subfield>
  </datafield>
  <datafield tag="245" ind1="1" ind2="0">
    <subfield code="a">Atenci&#xF3;n de salud de ni&#xF1;os, ni&#xF1;as y adolescentes de los diversos grupos humanos :</subfield>
    <subfield code="b">&#xBF;Realmente somos diferentes?</subfield>
    <subfield code="c">Rodrigo V&#xE1;squez-De Kartzow</subfield>
    <subfield code="h">[libro]</subfield>
  </datafield>
  <datafield tag="250" ind1=" " ind2=" ">
    <subfield code="a">Marzo 2024</subfield>
  </datafield>
  <datafield tag="300" ind1=" " ind2=" ">
    <subfield code="a">96 p&#xE1;ginas :</subfield>
    <subfield code="b">ilustraciones </subfield>
  </datafield>
  <datafield tag="500" ind1=" " ind2=" ">
    <subfield code="a">Incluye &#xED;ndice</subfield>
  </datafield>
  <datafield tag="650" ind1=" " ind2="7">
    <subfield code="a">Salud y raza</subfield>
    <subfield code="x">Enfermedades</subfield>
    <subfield code="x">Estudio de casos</subfield>
    <subfield code="z">Chile</subfield>
    <subfield code="9">3458</subfield>
  </datafield>
  <datafield tag="650" ind1=" " ind2="7">
    <subfield code="a">Atenci&#xF3;n hospitalaria</subfield>
    <subfield code="x">Investigaciones </subfield>
    <subfield code="z">Chile</subfield>
    <subfield code="9">3459</subfield>
  </datafield>
  <datafield tag="650" ind1=" " ind2="7">
    <subfield code="a">Monitoreo fisiol&#xF3;gico</subfield>
    <subfield code="x">Estudios interculturales </subfield>
    <subfield code="z">Chile</subfield>
    <subfield code="9">3460</subfield>
  </datafield>
  <datafield tag="650" ind1=" " ind2="7">
    <subfield code="a">Atenci&#xF3;n en ni&#xF1;os</subfield>
    <subfield code="x">Estudio de casos</subfield>
    <subfield code="9">3461</subfield>
  </datafield>
  <datafield tag="942" ind1=" " ind2=" ">
    <subfield code="2">ddc</subfield>
    <subfield code="c">COL. RES.</subfield>
    <subfield code="n">0</subfield>
  </datafield>
  <datafield tag="999" ind1=" " ind2=" ">
    <subfield code="c">2474</subfield>
    <subfield code="d">2474</subfield>
  </datafield>
  <datafield tag="952" ind1=" " ind2=" ">
    <subfield code="0">0</subfield>
    <subfield code="1">0</subfield>
    <subfield code="2">lcc</subfield>
    <subfield code="4">0</subfield>
    <subfield code="7">0</subfield>
    <subfield code="8">Col. Res.</subfield>
    <subfield code="a">BHMS</subfield>
    <subfield code="b">BHMS</subfield>
    <subfield code="c">DISPLAY</subfield>
    <subfield code="d">2024-12-19</subfield>
    <subfield code="e">Donaci&#xF3;n BCN</subfield>
    <subfield code="i">001805</subfield>
    <subfield code="l">0</subfield>
    <subfield code="o">618.92 V335 2024</subfield>
    <subfield code="p">001805</subfield>
    <subfield code="r">2025-06-09 09:11:51</subfield>
    <subfield code="t">c.1</subfield>
    <subfield code="w">2024-12-19</subfield>
    <subfield code="y">COL. RES.</subfield>
  </datafield>
</record>
